[Event "AUT-ch Open 2020"]
[Site "Graz"]
[Date "2020.02.16"]
[Round "3.26"]
[White "Freitag, Manfred"]
[Black "Tisaj, Domen"]
[Result "0-1"]
[WhiteElo "2378"]
[BlackElo "2245"]
[Annotator "TA"]
[PlyCount "98"]
[EventDate "2020.02.14"]
[EventType "swiss"]
[EventCountry "AUT"]
[SourceTitle "playchess.com"]
[Source "ChessBase"]
[SourceQuality "1"]

{[%evp 18,118,28,17,12,0,6,0,6,0,5,7,8,0,16,23,25,15,18,10,8,8,8,8,19,12,15,13,16,18,13,0,12,8,17,0,17,0,0,0,6,0,10,12,14,0,29,33,37,37,37,29,37,16,14,15,12,0,0,0,0,0,0,0,0,0,0,-60,-60,-102,-86,-86,-84,-97,-68,-69,-58,-105,-112,-156,-156,-341,-321,-231,-214,-218,-208,-320,-300,-308,-303,-280,-247,-375,-353,-2444,-2120,-1972,-1931,-1733,-1652,-1362,-998]} 1. d4 Nf6 2. c4 e6 3. Nf3 d5 4. g3 Be7 5. Bg2 O-O 6. O-O dxc4 7. Qc2 a6 8. a4 Bd7 9. Qxc4 Bc6 10. Bf4 Bd6 {E05: Open Catalan: 5 Nf3 Be7.} 11. Qc1 a5 {11...Nbd7 is the hot move.} 12. Nc3 Bxf3 {The position is equal.} 13. Bxf3 Bxf4 14. Qxf4 c6 15. Rfd1 Na6 16. e4 Nb4 {[#]} 17. Rac1 $146 ({Predecessor:} 17. Rd2 Qb8 18. e5 Nfd5 19. Qg4 Nxc3 20. bxc3 Nd5 21. c4 Nb4 22. Re1 Qe8 23. Qh3 {1-0 (34) Wiedenkeller,M (2445)-Villegas,P (2373) Luxembourg 2016}) 17... Qe7 18. e5 Nfd5 19. Qd2 Rad8 20. Ne4 Nb6 21. b3 Rd7 22. Nc5 Rc7 23. Qe2 Rd8 24. h4 Nc8 25. Rd2 Nb6 26. Kg2 h6 27. Qe3 N6d5 28. Qe1 Nb6 29. Qe2 Nd7 30. Ne4 Nb6 31. Nd6 Nc8 32. Nc4 b6 33. Ne3 Rcd7 34. Rcd1 ({But not} 34. Bxc6 Rc7 $17) 34... Qf8 35. Nc4 Nd5 36. Rc1 Qb4 37. Qd1 c5 38. Qc2 Nde7 39. Rcd1 cxd4 40. Nd6 {[%mdl 64] [#] Decoy} Nxd6 41. Rxd4 {[%mdl 64] Pin} Qa3 42. exd6 (42. Bg4 $1 $11) 42... Rxd6 $15 43. Rc4 Rxd1 44. Bxd1 Qd6 45. Bf3 f5 46. Qb2 e5 47. Rc1 e4 48. Bh5 f4 49. Qc3 $2 (49. Qc2 $17) 49... f3+ {Played: Rd8-c8} 0-1

[Event "AUT-ch Open 2020"]
[Site "Graz"]
[Date "2020.02.16"]
[Round "3.27"]
[White "Yeritsyan, Aram"]
[Black "Kozak, Antoni"]
[Result "1/2-1/2"]
[WhiteElo "2283"]
[BlackElo "2283"]
[Annotator "TA"]
[PlyCount "143"]
[EventDate "2020.02.14"]
[EventType "swiss"]
[EventCountry "AUT"]
[SourceTitle "playchess.com"]
[Source "ChessBase"]
[SourceQuality "1"]

{[%evp 18,143,31,0,20,26,16,27,29,24,33,13,33,37,29,-20,-20,-19,0,-29,-21,-29,-11,-51,-52,-55,-33,-86,-90,-84,-85,-82,-83,-94,-86,-99,-92,-148,-158,-269,-268,-261,-241,-234,-171,-305,-178,-154,-153,-265,-266,-430,-430,-430,-430,-430,-430,-430,-426,-389,-63,-448,-448,-448,-444,-429,-437,-448,-439,-441,-429,-410,-364,-411,-365,-386,-381,-470,-465,-408,-307,-307,-300,-633,-618,-483,-454,-6058,-5939,-5081,-1601,-1601,-1601,-1547,-117,-153,-40,-40,-40,-40,-40,-40,-40,-40,-40,-40,-36,-36,-36,-36,-36,-36,-36,-36,-36,-36,-36,-36,-36,-36,-36,-40,-40,-32,-40,-40,8,8]} 1. e4 g6 2. d4 Bg7 3. Nc3 a6 4. h4 h5 5. Be3 b5 6. Qd2 d6 7. f3 Nd7 8. Nh3 Ngf6 9. Ng5 Bb7 10. O-O-O e6 $1 {The main line 10...e6 scores better than 10...0-0. B06: Modern Defence.} 11. Kb1 Qe7 12. Ne2 c5 {White has an edge.} 13. dxc5 dxc5 14. Bf4 e5 15. Be3 O-O {[#]} 16. Qd6 $146 ({Predecessor:} 16. Nc3 Rfd8 17. Nd5 Nxd5 18. exd5 c4 19. g3 c3 20. Qxc3 Nf6 21. Qc5 Qxc5 22. Bxc5 Rxd5 23. Rxd5 Bxd5 {½-½ (54) Ward,R (2168)-Mehlhorn,U (2380) ICCF email 2018}) 16... Qxd6 $1 17. Rxd6 Rfd8 18. c4 Bf8 19. Rd2 bxc4 20. Nc1 Nb6 $36 {[%mdl 2048] Black has good play.} 21. Rc2 Rd1 22. Nh3 {[#]} ({Better is} 22. Rg1 $15) 22... Nxe4 $1 $17 {[%mdl 512]} 23. fxe4 Bxe4 24. Nf2 Bxc2+ 25. Kxc2 {[#]} Rd4 $1 {[%mdl 512]} 26. g3 (26. Bxd4 cxd4) 26... f5 27. Bg2 ({White should play} 27. Ne2) 27... e4 28. Bxd4 (28. Ne2 $17 {was necessary.} Nd5 29. Bc1) 28... cxd4 $19 29. Nxe4 fxe4 30. Bxe4 Rd8 31. b3 (31. Bxg6 $142 d3+ 32. Nxd3 cxd3+ 33. Bxd3) 31... Kg7 (31... d3+ $142 32. Kd1 Kg7 33. bxc4 d2) 32. bxc4 Nxc4 33. Ne2 (33. Bb7 $17) 33... Ne3+ 34. Kd3 $2 (34. Kb1) 34... Ng4 35. Rf1 Ne5+ 36. Kd2 Bb4+ 37. Kd1 Nc4 38. Rf3 d3 $2 (38... Ne3+ $19 39. Kc1 Rc8+ 40. Kb2 Nc4+ 41. Kb3 Be1) 39. Rxd3 $2 {[%mdl 8192]} (39. Bxd3 $15 Ne5 40. Nf4) 39... Nb2+ {[%mdl 64] Double Attack, Pin} 40. Kc2 Nxd3 41. Bxd3 {[%mdl 4096] Endgame KRB-KBN} Rd6 42. Nf4 Be1 43. Ne2 Rf6 44. Be4 Ba5 45. Kd3 Rd6+ 46. Kc4 Rd2 47. Nf4 Rxa2 48. Kb3 Rh2 {Hoping for ...Be1.} 49. Bxg6 Be1 50. Be8 $2 (50. Bxh5 Bxg3 51. Ne6+ Kf6 52. Nc5 Rxh4 53. Bf3) 50... Bxg3 51. Nxh5+ Kf8 52. Nxg3 (52. Bg6 $142 Be5 53. Kb4) 52... Kxe8 {KR-KN} 53. Ne4 Rxh4 (53... Rh3+ $142 54. Kb2 Rxh4) 54. Nc5 Rh6 55. Ka4 Rc6 $2 (55... Rb6 $19 {is more deadly.} 56. Ne4 Kd7) 56. Nd3 $17 {[#]} Rc8 ({Black should try} 56... Rc7 $1 $17 {[%cal Rc7d7] aiming for ...Rd7.} 57. Nb4 Ra7) 57. Nb4 $1 $15 Ra8 58. Nd5 $1 Ra7 {Threatens to win with ...Kd7.} 59. Ka5 Kd7 60. Kb6 $1 Ra8 {Strongly threatening ...Kd6.} 61. Kb7 Rh8 62. Nb6+ Kd6 63. Kxa6 Kc6 64. Ka5 Rh5+ 65. Ka6 Rh1 {( -> ...Ra1+)} 66. Ka5 Rb1 67. Na4 Rb5+ 68. Ka6 Rb4 {[%cal Rb4a4]} 69. Ka5 $1 Rb3 70. Ka6 Rb5 71. Nc3 Kd7 72. Nxb5 {Accuracy: White = 56%, Black = 74%.} 1/2-1/2

[Event "AUT-ch Open 2020"]
[Site "Graz"]
[Date "2020.02.16"]
[Round "3.28"]
[White "Orgler, Philipp"]
[Black "Nitin, S.."]
[Result "0-1"]
[WhiteElo "2021"]
[BlackElo "2353"]
[Annotator "ChessBase"]
[PlyCount "66"]
[EventDate "2020.02.14"]
[EventType "swiss"]
[EventCountry "AUT"]
[SourceTitle "playchess.com"]
[Source "ChessBase"]
[SourceQuality "1"]
[TimeControl "40/5400+30:1800+30"]

1. d4 {[%emt 0:00:00]} c5 {[%emt 0:00:09]} 2. d5 {[%emt 0:00:56]} d6 {[%emt 0:00:10]} 3. e4 {[%emt 0:00:33]} Nf6 {[%emt 0:00:10]} 4. Nc3 {[%emt 0:00:41]} g6 {[%emt 0:00:30]} 5. Nf3 {[%emt 0:01:53]} Bg7 {[%emt 0:00:13]} 6. Be2 {[%emt 0:01:05]} O-O {[%emt 0:00:16]} 7. h3 {[%emt 0:00:16]} e6 {[%emt 0:00:22]} 8. O-O {[%emt 0:00:12]} exd5 {[%emt 0:00:33]} 9. exd5 {[%emt 0:00:08]} Na6 {[%emt 0:00:22]} 10. Nd2 {[%emt 0:01:57]} Nc7 {[%emt 0:01:46]} 11. Nc4 {[%emt 0:01:14]} b5 {[%emt 0:01:23]} 12. Ne3 {[%emt 0:04:10]} a6 {[%emt 0:03:14]} 13. a4 {[%emt 0:00:36]} Rb8 {[%emt 0:07:58]} 14. Ng4 {[%emt 0:06:54]} Bxg4 {[%emt 0:05:24]} 15. hxg4 {[%emt 0:02:13]} b4 {[%emt 0:01:36]} 16. g5 {[%emt 0:02:32]} bxc3 {[%emt 0:02:35]} 17. gxf6 {[%emt 0:00:09]} Qxf6 {[%emt 0:01:20]} 18. bxc3 {[%emt 0:00:53]} Qxc3 {[%emt 0:00:40]} 19. Ra3 {[%emt 0:01:28]} Qe5 {[%emt 0:00:52]} 20. Bc4 {[%emt 0:12:22]} Qe4 {[%emt 0:04:53]} 21. Qd3 {[%emt 0:04:53]} Qxd3 {[%emt 0:09:40]} 22. Bxd3 {[%emt 0:02:56]} Nxd5 {[%emt 0:02:12]} 23. Bxa6 {[%emt 0:02:10]} Nb4 {[%emt 0:00:26]} 24. Bd3 {[%emt 0:01:17]} d5 {[%emt 0:06:32]} 25. Bf4 {[%emt 0:02:41]} Rbc8 {[%emt 0:00:20]} 26. Rb1 {[%emt 0:02:12]} Rfd8 {[%emt 0:02:19]} 27. a5 {[%emt 0:03:44]} c4 {[%emt 0:01:35]} 28. Rxb4 {[%emt 0:10:03]} Bf8 {[%emt 0:00:17]} 29. c3 {[%emt 0:00:29]} cxd3 {[%emt 0:01:44]} 30. a6 {[%emt 0:01:12]} d4 {[%emt 0:01:02]} 31. a7 {[%emt 0:01:18]} dxc3 {[%emt 0:00:23]} 32. Bb8 {[%emt 0:00:29]} Bxb4 33. a8=Q {[%emt 0:00:41]} Rxb8 {[%emt 0:00:50]} 0-1

[Event "AUT-ch Open 2020"]
[Site "Graz"]
[Date "2020.02.16"]
[Round "3.29"]
[White "Schernthaner, David"]
[Black "Stanec, Nikolaus"]
[Result "0-1"]
[WhiteElo "2262"]
[BlackElo "2520"]
[Annotator "TA"]
[PlyCount "186"]
[EventDate "2020.02.14"]
[EventType "swiss"]
[EventCountry "AUT"]
[SourceTitle "playchess.com"]
[Source "ChessBase"]
[SourceQuality "1"]

{[%evp 14,186,43,41,52,13,54,0,5,-11,0,0,0,11,0,16,16,16,23,25,25,16,22,14,16,22,18,22,38,27,37,5,4,0,22,0,23,9,12,-11,-1,-65,-60,-64,-68,-75,-67,-87,-87,-96,-96,-90,-85,-91,-90,-94,-81,-89,-83,-99,-99,-95,-94,-102,-88,-88,-88,-88,-88,-88,-88,-88,-88,-88,-88,-88,-88,-95,-95,-95,-95,-100,-100,-100,-100,-101,-100,-100,-100,-88,-80,-110,-112,-110,-99,-110,-110,-110,-110,-122,-118,-134,-127,-679,-696,-886,-863,-952,-863,-741,-690,-744,-737,-1629,-1145,-1571,-1410,-1191,-1179,-1783,-1784,-1718,-1716,-1064,-848,-1677,-1634,-1536,-1436,-1366,-1202,-29977,-29978,-29983,-29984,-29985,-29986,-29986,-29987,-29987,-29973,-29972,-29973,-29973,-29974,-29974,-29973,-29972,-29973,-29972,-29974,-29974,-29975,-29975,-29976,-29974,-29977,-29977,-29978,-29978,-29979,-29979,-29980,-29980,-29981,-29980,-29980,-29980,-29981,-29981,-29982,-29982,-29983,-29983,-29983]} 1. b3 Nf6 2. Bb2 g6 3. Nf3 Bg7 4. g3 O-O 5. Bg2 d6 6. d4 c6 7. O-O Bf5 8. Nbd2 a5 {8...Ne4 is now in. A49: 1 d4 Nf6 2 Nf3 g6 3 g3: Anti-King's Indian systems.} 9. c4 Ne4 10. Nxe4 (10. Nh4 {with more complications.} Nxd2 11. Qxd2 Bg4 12. f3 Bd7 13. f4) 10... Bxe4 {[#] The position is equal.} 11. Nd2 $146 ({Predecessor:} 11. e3 a4 12. Qe2 Qa5 13. Rfc1 Nd7 14. Bf1 Bxf3 15. Qxf3 e5 16. Qd1 f5 17. Bc3 Qc7 18. bxa4 {½-½ (36) Gagunashvili,M (2540)-Krasenkow,M (2663) Mainz 2005}) 11... Bxg2 12. Kxg2 c5 13. Nf3 a4 14. Qd2 Qb6 15. dxc5 Qxc5 16. Bxg7 Kxg7 17. Qc3+ Kg8 18. b4 Qc6 19. Rac1 Nd7 {[%cal Bb8d7,Bd7f6,Bf6e4][%mdl 32]} 20. Kg1 Qe4 21. Qd3 Nf6 22. Qxe4 Nxe4 23. Rfd1 a3 24. Nd2 Nf6 25. Rc3 Rfc8 26. Nb1 Ra4 27. Rxa3 (27. c5 $11) 27... Rxb4 $15 28. Nd2 Rc7 29. Rb3 Ra4 30. Rb2 Nd7 31. f3 b6 32. Rc1 Rca7 33. Rcc2 R7a6 34. Kf2 Kf8 35. f4 Ke8 36. Ne4 h6 37. Nd2 Nb8 38. Nb1 Nc6 39. Nc3 Rxc4 40. Nd5 Rxc2 41. Rxc2 $17 {[%mdl 4096] Endgame Hoping for Nc7+. KRN-KRN} Kd7 42. Rb2 b5 43. Nc3 b4 44. Nd5 h5 45. Nxb4 Nxb4 46. Rxb4 Rxa2 {KR-KR} 47. Rb7+ Ke6 48. Kf3 Ra3+ 49. Kf2 Kf6 50. Rd7 Ra6 51. Kf3 e5 52. fxe5+ dxe5 53. Rb7 Ke6 54. Rc7 Ra3+ 55. Kf2 {[#]} h4 $1 {[%mdl 512]} 56. Rb7 (56. gxh4 Rh3) 56... Ra4 57. Rb3 g5 58. Rb7 $2 {[%mdl 8192] [#]} (58. gxh4 $17 Rf4+ 59. Kg3 Rxh4 60. h3) 58... h3 $1 $19 59. Rb1 g4 60. Rf1 Ra3 61. Rb1 Rc3 62. Rb4 f5 63. Rb6+ Kd5 64. Rb5+ Kd4 65. Rb4+ Rc4 66. Rb1 e4 67. Rd1+ Ke5 68. Ra1 Rc3 69. Ra5+ Kf6 70. Ra6+ Kg5 {( -> ...e3+)} 71. Ra1 e3+ 72. Kf1 f4 {Black mates.} 73. gxf4+ Kxf4 74. Kg1 Rc2 75. Re1 Ke4 76. Kf1 Rc5 77. Ra1 Rf5+ 78. Kg1 Rf2 79. Ra4+ Kf5 80. Ra5+ Kf6 81. Ra6+ Ke5 82. Ra2 Kd5 83. Ra5+ Kd4 84. Ra4+ Kc3 85. Rxg4 Rxe2 {[%cal Re2e1]} 86. Kf1 Rxh2 87. Rg8 Rf2+ 88. Ke1 h2 89. Rc8+ Kb4 {[%cal Rh2h1]} 90. Rb8+ Kc5 {[%cal Rh2h1]} 91. Rc8+ Kd6 {[%cal Rh2h1]} 92. Rd8+ Kc7 {[%cal Rh2h1]} 93. Rh8 Rg2 {Accuracy: White = 74%, Black = 97%.} 0-1

[Event "AUT-ch Open 2020"]
[Site "Graz"]
[Date "2020.02.16"]
[Round "3.30"]
[White "Lodici, Lorenzo"]
[Black "Krasteva, Beloslava"]
[Result "1-0"]
[WhiteElo "2492"]
[BlackElo "2259"]
[Annotator "ChessBase"]
[PlyCount "73"]
[EventDate "2020.02.14"]
[EventType "swiss"]
[EventCountry "AUT"]
[SourceTitle "playchess.com"]
[Source "ChessBase"]
[SourceQuality "1"]
[TimeControl "40/5400+30:1800+30"]

1. d4 {[%emt 0:00:00]} d5 {[%emt 0:00:00]} 2. c4 {[%emt 0:00:00]} e6 {[%emt 0:00:00]} 3. Nf3 {[%emt 0:00:11]} Nf6 {[%emt 0:00:30]} 4. g3 {[%emt 0:00:05]} Be7 {[%emt 0:00:13]} 5. Bg2 {[%emt 0:00:04]} O-O {[%emt 0:00:16]} 6. Nc3 {[%emt 0:00:05]} dxc4 {[%emt 0:01:14]} 7. Ne5 {[%emt 0:00:06]} Qd6 {[%emt 0:00:46]} 8. O-O {[%emt 0:03:09]} Qa6 {[%emt 0:02:10]} 9. a4 {[%emt 0:00:05]} Nc6 {[%emt 0:00:35]} 10. Nb5 {[%emt 0:00:04]} Nxe5 {[%emt 0:00:48]} 11. dxe5 {[%emt 0:00:01]} Rd8 {[%emt 0:00:34]} 12. exf6 {[%emt 0:04:28]} Rxd1 {[%emt 0:00:36]} 13. Rxd1 {[%emt 0:00:01]} Bd6 {[%emt 0:00:43]} 14. Bf4 {[%emt 0:00:01]} Qa5 {[%emt 0:01:22]} 15. Nxd6 {[%emt 0:00:05]} cxd6 {[%emt 0:01:25]} 16. Rxd6 {[%emt 0:00:02]} h5 {[%emt 0:13:15]} 17. fxg7 {[%emt 0:08:39]} Kxg7 {[%emt 0:11:41]} 18. Bd2 {[%emt 0:15:49]} Qc7 {[%emt 0:03:50]} 19. Bc3+ {[%emt 0:01:07]} f6 {[%emt 0:01:37]} 20. Rad1 {[%emt 0:00:05]} a5 {[%emt 0:05:23]} 21. Rd8 {[%emt 0:07:56]} Ra6 {[%emt 0:05:20]} 22. Re8 {[%emt 0:02:35]} e5 {[%emt 0:04:03]} 23. Rdd8 {[%emt 0:00:31]} Be6 {[%emt 0:02:25]} 24. Rb8 {[%emt 0:05:50]} Rd6 {[%emt 0:07:40]} 25. h4 {[%emt 0:03:46]} Bd5 {[%emt 0:10:07]} 26. Rbc8 {[%emt 0:08:18]} Qf7 {[%emt 0:03:33]} 27. e4 {[%emt 0:02:39]} Bc6 {[%emt 0:01:51]} 28. Rh8 {[%emt 0:00:55]} Bd7 {[%emt 0:07:33]} 29. Rb8 {[%emt 0:08:41]} b6 {[%emt 0:01:07]} 30. f4 {[%emt 0:02:28]} exf4 {[%emt 0:06:40]} 31. gxf4 {[%emt 0:00:43]} Be6 {[%emt 0:02:33]} 32. f5 {[%emt 0:02:04]} Rd1+ {[%emt 0:04:19]} 33. Kf2 {[%emt 0:00:22]} Qc7 {[%emt 0:01:48]} 34. fxe6 {[%emt 0:00:24]} Qf4+ {[%emt 0:00:31]} 35. Ke2 {[%emt 0:00:07]} Qg4+ {[%emt 0:00:29]} 36. Bf3 {[%emt 0:00:06]} Qxe6 {[%emt 0:00:32]} 37. Rbg8+ {[%emt 0:00:24]} 1-0

[Event "AUT-ch Open 2020"]
[Site "Graz"]
[Date "2020.02.16"]
[Round "3.31"]
[White "Yankelevich, Lev"]
[Black "Meurs, Tom"]
[Result "1/2-1/2"]
[WhiteElo "2473"]
[BlackElo "2249"]
[Annotator "ChessBase"]
[PlyCount "68"]
[EventDate "2020.02.14"]
[EventType "swiss"]
[EventCountry "AUT"]
[SourceTitle "playchess.com"]
[Source "ChessBase"]
[SourceQuality "1"]
[TimeControl "40/5400+30:1800+30"]

1. d4 {[%emt 0:00:00]} d5 {[%emt 0:00:00]} 2. c4 {[%emt 0:00:00]} c6 {[%emt 0:00:00]} 3. Nf3 {[%emt 0:00:00]} Nf6 {[%emt 0:00:00]} 4. Nc3 {[%emt 0:00:00]} e6 {[%emt 0:00:00]} 5. Bg5 {[%emt 0:00:00]} h6 {[%emt 0:00:02]} 6. Bh4 {[%emt 0:00:10]} dxc4 {[%emt 0:00:35]} 7. e4 {[%emt 0:00:06]} g5 {[%emt 0:00:04]} 8. Bg3 {[%emt 0:00:06]} b5 {[%emt 0:00:04]} 9. Be2 {[%emt 0:00:04]} Bb7 {[%emt 0:00:16]} 10. O-O {[%emt 0:00:06]} Nbd7 {[%emt 0:00:28]} 11. h3 {[%emt 0:00:04]} Nh5 {[%emt 0:11:13]} 12. Bh2 {[%emt 0:08:15]} Rg8 {[%emt 0:04:14]} 13. d5 {[%emt 0:09:19]} Nf4 {[%emt 0:11:40]} 14. Nd4 {[%emt 0:06:21]} cxd5 {[%emt 0:09:39]} 15. exd5 {[%emt 0:01:04]} Ne5 {[%emt 0:22:01]} 16. Ndxb5 {[%emt 0:05:49]} exd5 {[%emt 0:06:36]} 17. Re1 {[%emt 0:00:43]} Be7 {[%emt 0:00:44]} 18. Bf1 {[%emt 0:08:01]} Neg6 {[%emt 0:14:16]} 19. Qa4 {[%emt 0:04:03]} Kf8 {[%emt 0:00:37]} 20. Rad1 {[%emt 0:00:39]} Bc5 {[%emt 0:02:15]} 21. b4 {[%emt 0:05:45]} Bb6 {[%emt 0:02:11]} 22. Qc2 {[%emt 0:07:03]} Qf6 {[%emt 0:01:01]} 23. Na4 {[%emt 0:02:16]} d4 {[%emt 0:04:29]} 24. Nxb6 {[%emt 0:00:16]} Nxh3+ {[%emt 0:00:14]} 25. Kh1 {[%emt 0:01:24]} axb6 {[%emt 0:01:16]} 26. Rxd4 {[%emt 0:00:09]} Nxf2+ {[%emt 0:04:28]} 27. Kg1 {[%emt 0:00:06]} Nd3 {[%emt 0:00:06]} 28. Bxd3 {[%emt 0:05:36]} cxd3 {[%emt 0:00:02]} 29. Rxd3 {[%emt 0:00:01]} Nf4 {[%emt 0:00:51]} 30. Rd6 {[%emt 0:01:33]} Nh3+ {[%emt 0:00:06]} 31. Kh1 {[%emt 0:01:29]} Nf2+ {[%emt 0:00:22]} 32. Kg1 {[%emt 0:00:02]} Nh3+ {[%emt 0:00:05]} 33. Kh1 {[%emt 0:00:20]} Nf2+ {[%emt 0:02:00]} 34. Kg1 {[%emt 0:00:04]} Nh3+ {[%emt 0:01:24]} 1/2-1/2

[Event "AUT-ch Open 2020"]
[Site "Graz"]
[Date "2020.02.16"]
[Round "3.32"]
[White "Blohberger, Felix"]
[Black "Bakalarz, Mietek"]
[Result "1/2-1/2"]
[WhiteElo "2448"]
[BlackElo "2245"]
[Annotator "ChessBase"]
[PlyCount "62"]
[EventDate "2020.02.14"]
[EventType "swiss"]
[EventCountry "AUT"]
[SourceTitle "playchess.com"]
[Source "ChessBase"]
[SourceQuality "1"]
[TimeControl "40/5400+30:1800+30"]

1. e4 {[%emt 0:01:33]} e5 {[%emt 0:00:00]} 2. Nf3 {[%emt 0:00:06]} Nf6 {[%emt 0:00:00]} 3. Nxe5 {[%emt 0:00:06]} d6 {[%emt 0:00:00]} 4. Nd3 {[%emt 0:00:11]} Nxe4 {[%emt 0:00:03]} 5. Qe2 {[%emt 0:00:05]} Qe7 {[%emt 0:00:18]} 6. Nc3 {[%emt 0:00:09]} Nxc3 {[%emt 0:04:51]} 7. dxc3 {[%emt 0:00:50]} Qxe2+ {[%emt 0:00:15]} 8. Bxe2 {[%emt 0:00:07]} Nc6 {[%emt 0:01:52]} 9. O-O {[%emt 0:03:53]} Bf5 {[%emt 0:01:25]} 10. Re1 {[%emt 0:03:06]} O-O-O {[%emt 0:00:13]} 11. Bf3 {[%emt 0:12:08]} Ne5 {[%emt 0:16:39]} 12. Nxe5 {[%emt 0:00:26]} dxe5 {[%emt 0:00:14]} 13. Rxe5 {[%emt 0:00:14]} Bxc2 {[%emt 0:00:08]} 14. Be3 {[%emt 0:00:14]} a6 {[%emt 0:08:29]} 15. Rc1 {[%emt 0:31:43]} Bd6 {[%emt 0:16:15]} 16. Rd5 {[%emt 0:01:19]} Ba4 {[%emt 0:02:27]} 17. Rd4 {[%emt 0:03:49]} Bd7 {[%emt 0:01:15]} 18. Rcd1 {[%emt 0:04:23]} Be6 {[%emt 0:03:07]} 19. c4 {[%emt 0:01:18]} Be7 {[%emt 0:05:54]} 20. b3 {[%emt 0:00:29]} Bf6 {[%emt 0:03:51]} 21. Rxd8+ {[%emt 0:01:30]} Rxd8 {[%emt 0:00:07]} 22. Rxd8+ {[%emt 0:00:23]} Bxd8 {[%emt 0:00:07]} 23. Bd4 {[%emt 0:01:03]} g6 {[%emt 0:10:42]} 24. Be4 {[%emt 0:00:54]} f5 {[%emt 0:01:46]} 25. Bd3 {[%emt 0:00:35]} Be7 {[%emt 0:00:47]} 26. g3 {[%emt 0:04:39]} Bd7 {[%emt 0:02:17]} 27. Be5 {[%emt 0:09:00]} Bc6 {[%emt 0:01:03]} 28. f4 {[%emt 0:05:09]} Bc5+ {[%emt 0:00:47]} 29. Kf1 {[%emt 0:00:07]} a5 {[%emt 0:01:57]} 30. g4 {[%emt 0:07:42]} fxg4 {[%emt 0:08:02]} 31. f5 {[%emt 0:00:10]} gxf5 1/2-1/2

[Event "AUT-ch Open 2020"]
[Site "Graz"]
[Date "2020.02.16"]
[Round "3.33"]
[White "Schnider, Gert"]
[Black "Modler, Andreas"]
[Result "1-0"]
[WhiteElo "2429"]
[BlackElo "2225"]
[Annotator "ChessBase"]
[PlyCount "61"]
[EventDate "2020.02.14"]
[EventType "swiss"]
[EventCountry "AUT"]
[SourceTitle "playchess.com"]
[Source "ChessBase"]
[SourceQuality "1"]
[TimeControl "40/5400+30:1800+30"]

1. e4 {[%emt 0:00:00]} c5 {[%emt 0:00:00]} 2. Nf3 {[%emt 0:00:00]} e6 {[%emt 0:00:00]} 3. d4 {[%emt 0:00:00]} cxd4 {[%emt 0:00:00]} 4. Nxd4 {[%emt 0:00:00]} a6 {[%emt 0:00:02]} 5. c4 {[%emt 0:00:00]} Nf6 {[%emt 0:00:07]} 6. Nc3 {[%emt 0:00:00]} Qc7 {[%emt 0:00:07]} 7. Be2 {[%emt 0:01:27]} Bb4 {[%emt 0:05:36]} 8. O-O {[%emt 0:01:10]} Bxc3 {[%emt 0:05:21]} 9. bxc3 {[%emt 0:00:18]} d6 {[%emt 0:00:21]} 10. Ba3 {[%emt 0:17:50]} Nxe4 {[%emt 0:09:34]} 11. Bf3 {[%emt 0:00:15]} Nc5 {[%emt 0:00:50]} 12. Nb3 {[%emt 0:02:50]} O-O {[%emt 0:07:03]} 13. Qd2 {[%emt 0:10:17]} Rd8 {[%emt 0:08:54]} 14. Rfd1 {[%emt 0:04:14]} Nc6 {[%emt 0:01:26]} 15. Nxc5 {[%emt 0:07:42]} dxc5 {[%emt 0:00:40]} 16. Qe3 {[%emt 0:00:08]} Bd7 {[%emt 0:08:05]} 17. Qxc5 {[%emt 0:04:12]} h6 {[%emt 0:08:48]} 18. Rab1 {[%emt 0:03:05]} Rac8 {[%emt 0:05:40]} 19. Qd6 {[%emt 0:11:35]} Ne5 {[%emt 0:10:56]} 20. Be2 {[%emt 0:15:07]} Qxd6 {[%emt 0:10:26]} 21. Bxd6 {[%emt 0:00:37]} Ng6 {[%emt 0:00:32]} 22. Rxb7 {[%emt 0:01:28]} Ba4 {[%emt 0:02:12]} 23. Rd2 {[%emt 0:03:19]} Ne5 {[%emt 0:03:17]} 24. Rb4 {[%emt 0:01:45]} Be8 {[%emt 0:00:09]} 25. f4 {[%emt 0:00:55]} Nc6 {[%emt 0:02:28]} 26. Rbb2 {[%emt 0:01:17]} a5 {[%emt 0:03:47]} 27. c5 {[%emt 0:00:44]} a4 {[%emt 0:00:52]} 28. Rb6 {[%emt 0:02:08]} Na5 {[%emt 0:02:45]} 29. Rd4 {[%emt 0:00:35]} a3 {[%emt 0:01:38]} 30. Ra6 {[%emt 0:05:39]} Ra8 {[%emt 0:01:24]} 31. Bc7 {[%emt 0:00:38]} 1-0

[Event "AUT-ch Open 2020"]
[Site "Graz"]
[Date "2020.02.16"]
[Round "3.34"]
[White "Polterauer, Chiara"]
[Black "Valeanu, Eduard-Andrei"]
[Result "0-1"]
[WhiteElo "2187"]
[BlackElo "2427"]
[Annotator "ChessBase"]
[PlyCount "70"]
[EventDate "2020.02.14"]
[EventType "swiss"]
[EventCountry "AUT"]
[SourceTitle "playchess.com"]
[Source "ChessBase"]
[SourceQuality "1"]
[TimeControl "40/5400+30:1800+30"]

1. e4 {[%emt 0:00:00]} c5 {[%emt 0:02:15]} 2. Nc3 {[%emt 0:00:00]} g6 {[%emt 0:00:10]} 3. f4 {[%emt 0:00:00]} Bg7 {[%emt 0:00:05]} 4. Nf3 {[%emt 0:00:13]} Nc6 {[%emt 0:00:05]} 5. Bc4 {[%emt 0:00:33]} e6 {[%emt 0:00:08]} 6. O-O {[%emt 0:00:18]} Nge7 {[%emt 0:00:04]} 7. f5 {[%emt 0:02:48]} d5 {[%emt 0:03:25]} 8. fxg6 {[%emt 0:01:16]} fxg6 {[%emt 0:04:22]} 9. Bb5 {[%emt 0:05:28]} O-O {[%emt 0:00:16]} 10. Bxc6 {[%emt 0:04:21]} Nxc6 {[%emt 0:01:01]} 11. d3 {[%emt 0:00:20]} Qd6 {[%emt 0:08:46]} 12. Qe1 {[%emt 0:09:35]} Bd7 {[%emt 0:08:56]} 13. Qh4 {[%emt 0:13:57]} Nd4 {[%emt 0:03:06]} 14. Bh6 {[%emt 0:02:42]} Nxf3+ {[%emt 0:18:08]} 15. gxf3 {[%emt 0:04:03]} Rf7 {[%emt 0:05:32]} 16. Bxg7 {[%emt 0:03:19]} Kxg7 {[%emt 0:00:09]} 17. Rae1 {[%emt 0:00:09]} Raf8 {[%emt 0:00:50]} 18. e5 {[%emt 0:02:31]} Qb6 {[%emt 0:00:31]} 19. Nd1 {[%emt 0:03:35]} Rf4 {[%emt 0:06:36]} 20. Qg3 {[%emt 0:00:28]} c4+ {[%emt 0:01:45]} 21. Kh1 {[%emt 0:01:51]} cxd3 {[%emt 0:00:20]} 22. cxd3 {[%emt 0:01:06]} Qd4 {[%emt 0:00:56]} 23. Re3 {[%emt 0:08:09]} Ba4 {[%emt 0:02:43]} 24. b3 {[%emt 0:01:07]} Bb5 {[%emt 0:00:01]} 25. Rf2 {[%emt 0:03:17]} Qa1 {[%emt 0:00:41]} 26. Qg1 {[%emt 0:01:48]} d4 {[%emt 0:00:35]} 27. Re4 {[%emt 0:12:21]} Bxd3 {[%emt 0:01:42]} 28. Rxf4 {[%emt 0:02:08]} Rxf4 {[%emt 0:00:04]} 29. Qe1 {[%emt 0:01:24]} Qc1 {[%emt 0:04:20]} 30. Kg2 {[%emt 0:00:18]} Bb5 {[%emt 0:01:41]} 31. Kg3 {[%emt 0:04:22]} Bc6 {[%emt 0:03:28]} 32. Qe2 {[%emt 0:00:25]} g5 {[%emt 0:01:21]} 33. Rf1 {[%emt 0:04:39]} Rh4 {[%emt 0:01:01]} 34. h3 {[%emt 0:03:40]} Qf4+ {[%emt 0:00:21]} 35. Kg2 {[%emt 0:01:04]} g4 {[%emt 0:00:18]} 0-1